[Event "d10"]
[Site "?"]
[Date "2020.08.28"]
[Round "8.7"]
[White "Pietryk, Hanna"]
[Black "Figa, Karolina"]
[Result "0-1"]
[BlackElo "1350"]
[WhiteElo "1098"]
[LiveChessVersion "1.4.8"]

1. e4 c6 2. d4 d5 3. exd5 cxd5 4. Nf3 Bg4 5. Be2 Nc6 6. Nc3 e6 7. h3 Bf5 8. a3
Bd6 9. Bd3 Bxd3 10. Qxd3 Nf6 11. Bg5 h6 12. Bh4 a6 13. Qe3 O-O 14. Ne5 Qc7 15.
Bxf6 gxf6 16. Nxc6 Qxc6 17. Qxh6 Qb6 18. O-O-O Rfc8 19. Rd3 Rc6 20. h4 Qc7 21.
Rhh3 Bf4+ 0-1

[Event "d10"]
[Site "?"]
[Date "2020.08.28"]
[Round "9.1"]
[White "Czajka, Faustyna"]
[Black "Smietanska, Wiktoria"]
[Result "0-1"]
[BlackElo "1584"]
[WhiteElo "1420"]
[LiveChessVersion "1.4.8"]

1. e4 {[%clk 0:15:19]} c5 {[%clk 0:15:19]} 2. Nf3 {[%clk 0:15:27]} g6
{[%clk 0:15:27]} 3. d4 {[%clk 0:15:35]} cxd4 {[%clk 0:15:35]} 4. Nxd4
{[%clk 0:15:43]} Nc6 {[%clk 0:15:44]} 5. c4 {[%clk 0:15:51]} Nf6 {[%clk 0:15:51]}
6. Nc3 {[%clk 0:15:59]} d6 {[%clk 0:15:58]} 7. Be3 {[%clk 0:16:04]} Ng4
{[%clk 0:15:41]} 8. Qd2 {[%clk 0:15:48]} Nxe3 {[%clk 0:15:43]} 9. Qxe3
{[%clk 0:15:55]} Bg7 {[%clk 0:15:32]} 10. Nf3 {[%clk 0:15:26]} O-O
{[%clk 0:15:14]} 11. Be2 {[%clk 0:15:17]} a5 {[%clk 0:13:51]} 12. a3
{[%clk 0:15:05]} Bg4 {[%clk 0:12:23]} 13. O-O {[%clk 0:14:48]} Bxf3
{[%clk 0:12:07]} 14. Bxf3 {[%clk 0:14:34]} Ne5 {[%clk 0:10:13]} 15. Be2
{[%clk 0:14:18]} Rc8 {[%clk 0:09:25]} 16. b3 {[%clk 0:14:15]} Nd7
{[%clk 0:08:56]} 17. Rac1 {[%clk 0:14:09]} Nc5 {[%clk 0:08:10]} 18. b4
{[%clk 0:13:19]} axb4 {[%clk 0:06:53]} 19. axb4 {[%clk 0:13:20]} Ne6
{[%clk 0:06:03]} 20. Nd5 {[%clk 0:12:27]} Nd4 {[%clk 0:05:14]} 21. Bd3
{[%clk 0:11:49]} e6 {[%clk 0:04:13]} 22. Nc3 {[%clk 0:10:53]} Ra8
{[%clk 0:03:31]} 23. Ne2 {[%clk 0:09:58]} Qf6 {[%clk 0:02:31]} 24. Nxd4
{[%clk 0:09:55]} Qxd4 {[%clk 0:02:38]} 25. Qxd4 {[%clk 0:10:02]} Bxd4
{[%clk 0:02:47]} 26. b5 {[%clk 0:09:56]} Ra2 {[%clk 0:02:20]} 27. Rc2
{[%clk 0:09:41]} Rfa8 {[%clk 0:02:07]} 28. h3 {[%clk 0:09:36]} Rxc2
{[%clk 0:01:48]} 29. Bxc2 {[%clk 0:09:41]} Ra2 {[%clk 0:01:48]} 30. Rc1
{[%clk 0:09:47]} Be5 {[%clk 0:01:02]} 31. f3 {[%clk 0:09:38]} Bf4
{[%clk 0:00:56]} 32. Bb3 {[%clk 0:08:23]} Rb2 {[%clk 0:00:16]} 33. Rc3
{[%clk 0:08:29]} Bg3 {[%clk 0:00:15]} 34. Kf1 {[%clk 0:08:31]} Rf2+
{[%clk 0:00:16]} 35. Kg1 {[%clk 0:08:35]} Re2 {[%clk 0:00:19]} 36. Rc1
{[%clk 0:08:38]} Rb2 {[%clk 0:00:20]} 37. Bc2 {[%clk 0:08:32]} Bf4
{[%clk 0:00:27]} 38. Ra1 {[%clk 0:08:31]} Rxc2 {[%clk 0:00:33]} 39. Ra8+
{[%clk 0:08:39]} Kg7 {[%clk 0:00:40]} 40. Rd8 {[%clk 0:08:41]} Bg3
{[%clk 0:00:38]} 41. Kf1 {[%clk 0:08:43]} Rf2+ {[%clk 0:00:46]} 42. Kg1
{[%clk 0:08:50]} Re2 {[%clk 0:00:54]} 43. Kf1 {[%clk 0:08:54]} Re1#
{[%clk 0:01:02]} 0-1

[Event "d10"]
[Site "?"]
[Date "2020.08.28"]
[Round "9.2"]
[White "Borowik, Monika"]
[Black "Klintsevich, Aliaksandra"]
[Result "1-0"]
[BlackElo "1153"]
[WhiteElo "1207"]
[LiveChessVersion "1.4.8"]

1. d4 f5 2. c4 Nf6 3. Bg5 e6 4. Nc3 d5 5. e3 Be7 6. Nf3 O-O 7. Bd3 c6 8. O-O Ne4
9. Bxe7 Qxe7 10. Ne5 Nd7 11. f4 Rf6 12. Rc1 Nxe5 13. fxe5 Rg6 14. Ne2 Qg5 15. Nf4
Rh6 16. Bxe4 fxe4 17. Qe2 Bd7 18. Kh1 Qh4 19. Nh3 Qh5 20. Qxh5 Rxh5 21. Rf4 Rf8
22. Rcf1 Rhf5 23. cxd5 exd5 24. Ng5 Rxf4 25. Rxf4 Rxf4 26. exf4 h6 27. Nh3 c5 28.
dxc5 d4 29. Nf2 Bf5 30. g4 e3 31. gxf5 exf2 32. Kg2 Kf7 33. Kxf2 g6 34. f6 1-0

[Event "d10"]
[Site "?"]
[Date "2020.08.28"]
[Round "9.3"]
[White "Jeziorska, Anna"]
[Black "Wieczorek, Maja"]
[Result "0-1"]
[BlackElo "1030"]
[WhiteElo "1264"]
[LiveChessVersion "1.4.8"]

1. e4 {[%clk 0:15:18]} e5 {[%clk 0:15:19]} 2. Nf3 {[%clk 0:15:27]} Nc6
{[%clk 0:15:28]} 3. Bb5 {[%clk 0:15:35]} Bc5 {[%clk 0:15:24]} 4. O-O
{[%clk 0:15:39]} d6 {[%clk 0:15:32]} 5. c3 {[%clk 0:15:44]} Nf6 {[%clk 0:15:32]}
6. Re1 {[%clk 0:15:36]} O-O {[%clk 0:15:40]} 7. d4 {[%clk 0:15:45]} exd4
{[%clk 0:15:44]} 8. cxd4 {[%clk 0:15:53]} Bb4 {[%clk 0:15:46]} 9. Bd2
{[%clk 0:15:52]} Bxd2 {[%clk 0:15:45]} 10. Qxd2 {[%clk 0:15:59]} a6
{[%clk 0:15:55]} 11. Bc4 {[%clk 0:16:01]} b5 {[%clk 0:16:02]} 12. Bb3
{[%clk 0:16:09]} Re8 {[%clk 0:16:04]} 13. Qd3 {[%clk 0:16:10]} Na5
{[%clk 0:15:51]} 14. Bc2 {[%clk 0:16:10]} Bb7 {[%clk 0:15:52]} 15. e5
{[%clk 0:16:05]} dxe5 {[%clk 0:15:49]} 16. Nxe5 {[%clk 0:16:04]} Nc4
{[%clk 0:15:48]} 17. Qc3 {[%clk 0:15:35]} Qd5 {[%clk 0:15:30]} 18. Nf3
{[%clk 0:15:22]} Rxe1+ {[%clk 0:15:25]} 19. Nxe1 {[%clk 0:15:30]} Re8
{[%clk 0:15:30]} 20. Nf3 {[%clk 0:15:36]} Ne4 {[%clk 0:15:16]} 21. Bxe4
{[%clk 0:15:36]} Qxe4 {[%clk 0:15:09]} 22. b3 {[%clk 0:15:31]} Nd6
{[%clk 0:14:56]} 23. Na3 {[%clk 0:15:12]} Qg4 {[%clk 0:14:32]} 24. Nc2
{[%clk 0:14:10]} Nf5 {[%clk 0:13:17]} 25. Nce1 {[%clk 0:13:50]} Nh4
{[%clk 0:11:50]} 26. Nxh4 {[%clk 0:13:34]} Qxh4 {[%clk 0:11:53]} 27. g3
{[%clk 0:13:41]} Qe4 {[%clk 0:11:41]} 28. Qxc7 {[%clk 0:13:16]} Qh1# 0-1

[Event "d10"]
[Site "?"]
[Date "2020.08.28"]
[Round "9.5"]
[White "Figa, Karolina"]
[Black "Drozdz, Amelia"]
[Result "0-1"]
[BlackElo "1143"]
[WhiteElo "1350"]
[LiveChessVersion "1.4.8"]

1. c4 {[%clk 0:15:18]} c5 {[%clk 0:15:18]} 2. Nf3 {[%clk 0:15:25]} Nc6
{[%clk 0:15:25]} 3. e3 {[%clk 0:15:27]} g6 {[%clk 0:15:31]} 4. Nc3
{[%clk 0:15:34]} Bg7 {[%clk 0:15:36]} 5. Be2 {[%clk 0:15:30]} d6 {[%clk 0:15:41]}
6. O-O {[%clk 0:15:24]} Nf6 {[%clk 0:15:41]} 7. b3 {[%clk 0:15:25]} Ne4
{[%clk 0:15:32]} 8. Bb2 {[%clk 0:15:27]} Nf6 {[%clk 0:15:30]} 9. Ne4
{[%clk 0:15:14]} e5 {[%clk 0:14:51]} 10. Bd3 {[%clk 0:15:03]} O-O
{[%clk 0:14:46]} 11. Qc2 {[%clk 0:14:57]} Nb4 {[%clk 0:14:36]} 12. Qc3
{[%clk 0:14:57]} Nxd3 {[%clk 0:14:42]} 13. Qxd3 {[%clk 0:15:04]} Nxe4
{[%clk 0:13:46]} 14. Qxe4 {[%clk 0:14:48]} Qc7 {[%clk 0:13:00]} 15. d4
{[%clk 0:14:14]} Bf5 {[%clk 0:12:26]} 16. Qd5 {[%clk 0:14:07]} Bd3
{[%clk 0:12:00]} 17. Rfd1 {[%clk 0:13:58]} Be2 {[%clk 0:12:06]} 18. Re1
{[%clk 0:14:06]} Bxf3 {[%clk 0:12:14]} 19. Qxf3 {[%clk 0:14:14]} cxd4
{[%clk 0:12:03]} 20. exd4 {[%clk 0:14:15]} exd4 {[%clk 0:12:00]} 21. Rad1
{[%clk 0:12:55]} Qb6 {[%clk 0:11:39]} 22. Qd5 {[%clk 0:12:55]} d3
{[%clk 0:10:31]} 23. Bxg7 {[%clk 0:12:52]} Kxg7 {[%clk 0:10:38]} 24. Rxd3
{[%clk 0:13:00]} Rfe8 {[%clk 0:10:30]} 25. Red1 {[%clk 0:13:00]} Re2
{[%clk 0:09:51]} 26. R3d2 {[%clk 0:12:57]} Qxf2+ {[%clk 0:09:45]} 27. Kh1
{[%clk 0:12:59]} Re1+ {[%clk 0:09:44]} 28. Rxe1 {[%clk 0:12:40]} Qxe1#
{[%clk 0:09:51]} 0-1

[Event "d10"]
[Site "?"]
[Date "2020.08.28"]
[Round "9.6"]
[White "Michalska, Lena"]
[Black "Polakiewicz, Blanka"]
[Result "0-1"]
[BlackElo "1178"]
[WhiteElo "1062"]
[LiveChessVersion "1.4.8"]

1. d4 Nf6 2. c4 g6 3. Nf3 Bg7 4. e3 d6 5. Nc3 O-O 6. Bd3 Nbd7 7. O-O Re8 8. e4 e5
9. d5 Nc5 10. Bc2 b6 11. Bg5 h6 12. Be3 Ncd7 13. Qd2 Kh7 14. Ba4 Re7 15. a3 Bb7
16. Qc2 Ng4 17. Bd2 Nc5 18. h3 Nf6 19. Be3 a5 20. Bb5 Ba6 21. b4 Ncd7 22. bxa5
Bxb5 23. Nxb5 Rxa5 24. a4 Nc5 25. Bxc5 bxc5 26. Rfe1 Qd7 27. Qd2 Ra8 28. Ra3 Ra6
29. Qd3 Re8 30. Rd1 Rea8 31. Rda1 Nh5 32. h4 Nf4 33. Qd1 Nh5 34. Kh2 Nf6 35. Nd2
Qe7 36. f3 Nh5 37. g3 Bh8 38. Kg2 Ng7 39. Nb3 g5 40. Qh1 Rc8 41. hxg5 Qxg5 42.
Qh4 Qxh4 43. gxh4 f5 44. a5 fxe4 45. fxe4 Nh5 46. Rf1 Nf4+ 47. Kf3 Bf6 48. Kg4
Rg8+ 49. Kf3 Bxh4 50. Raa1 Rg3+ 51. Kf2 Rxb3+ 52. Kg1 Rb2 53. Nc3 Nh3+ 54. Kh1
Bg3 55. Ra2 Rxa2 56. Nxa2 Bf4 57. Nc3 Rxa5 58. Ne2 Kg6 59. Nxf4+ Nxf4 60. Rg1+
Kh5 61. Rc1 Ra4 62. Kh2 Kh4 63. Rc3 Ra2+ 64. Kg1 Ne2+ 0-1

[Event "d10"]
[Site "?"]
[Date "2020.08.28"]
[Round "9.7"]
[White "Walewska, Natalia"]
[Black "Wlodarczyk, Julia"]
[Result "1-0"]
[BlackElo "1079"]
[WhiteElo "1010"]
[LiveChessVersion "1.4.8"]

1. e4 e6 2. d4 d5 3. exd5 exd5 4. Nf3 Nc6 5. Bb5 Bd7 6. O-O Bb4 7. Bd2 Bxd2 8.
Qxd2 Nge7 9. Nc3 Be6 10. Rfe1 O-O 11. Na4 Re8 12. Nc5 Qc8 13. Nxe6 fxe6 14. Ne5
Rf8 15. Nxc6 Nxc6 16. Qe3 Rf6 17. c4 a6 18. cxd5 exd5 19. Bxc6 Rxc6 20. Qb3 Rd6
21. Re5 c6 22. Rae1 Qd7 23. Re7 Qg4 24. Qxb7 Rad8 25. Re8+ Rxe8 26. Rxe8# 1-0

[Event "d10"]
[Site "?"]
[Date "2020.08.28"]
[Round "10.2"]
[White "Tokarz, Gabriela"]
[Black "Borowik, Monika"]
[Result "1-0"]
[BlackElo "1207"]
[WhiteElo "1141"]
[LiveChessVersion "1.4.8"]

1. d4 Nf6 2. c4 g6 3. Nc3 Bg7 4. e4 d6 5. f3 O-O 6. Be3 Nc6 7. g4 e5 8. d5 Ne7 9.
h4 Nd7 10. h5 a5 11. Qd2 Nc5 12. hxg6 fxg6 13. Qh2 Kf7 14. Bh6 Rh8 15. Bxg7 Kxg7
16. Qh6+ Kg8 17. O-O-O Qf8 18. Qe3 Bd7 19. Nh3 Qf6 20. Be2 Rf8 21. Rh2 Rf7 22.
Rdh1 h6 23. Kb1 Rfh7 24. f4 exf4 25. Nxf4 Qg5 26. Rf2 Rf7 27. Rhf1 Qe5 28. Nxg6
Nxg6 29. Rxf7 Ne7 30. Qf3 Ng6 31. Rxd7 Qe8 32. Qf7+ Qxf7 33. Rdxf7 Na6 34. R1f2
b6 35. e5 Nxe5 36. Rf8+ Kg7 37. Rxh8 Kxh8 38. Nb5 Kg7 39. Rg2 Kg6 40. Rg3 Kg5 41.
Nd4 Kf4 42. Rh3 Kg5 43. c5 bxc5 44. Ne6+ Kf6 45. Bxa6 Kg6 46. Be2 Nf7 47. Nxc7
Ng5 48. Rh1 Ne4 49. Bd3 Kg5 50. Bxe4 1-0

[Event "d10"]
[Site "?"]
[Date "2020.08.28"]
[Round "10.3"]
[White "Wieczorek, Maja"]
[Black "Czajka, Faustyna"]
[Result "0-1"]
[BlackElo "1420"]
[WhiteElo "1030"]
[LiveChessVersion "1.4.8"]

1. e4 {[%clk 0:15:19]} c5 {[%clk 0:15:19]} 2. Nf3 {[%clk 0:15:26]} d6
{[%clk 0:15:27]} 3. d4 {[%clk 0:15:29]} cxd4 {[%clk 0:15:36]} 4. Nxd4
{[%clk 0:15:37]} Nf6 {[%clk 0:15:44]} 5. Nc3 {[%clk 0:15:45]} g6 {[%clk 0:15:52]}
6. Be3 {[%clk 0:15:43]} Bg7 {[%clk 0:16:00]} 7. f3 {[%clk 0:15:51]} O-O
{[%clk 0:16:08]} 8. Qd2 {[%clk 0:15:57]} Nc6 {[%clk 0:16:16]} 9. Bc4
{[%clk 0:15:59]} Bd7 {[%clk 0:16:23]} 10. g4 {[%clk 0:15:56]} Rc8
{[%clk 0:16:29]} 11. Bb3 {[%clk 0:15:58]} Ne5 {[%clk 0:16:30]} 12. h4
{[%clk 0:15:56]} h5 {[%clk 0:16:38]} 13. g5 {[%clk 0:15:56]} Ne8 {[%clk 0:16:20]}
14. f4 {[%clk 0:15:38]} Ng4 {[%clk 0:15:57]} 15. O-O-O {[%clk 0:15:37]} Nxe3
{[%clk 0:16:02]} 16. Qxe3 {[%clk 0:15:45]} Bg4 {[%clk 0:15:46]} 17. Rdf1
{[%clk 0:15:45]} Qb6 {[%clk 0:15:44]} 18. e5 {[%clk 0:14:33]} dxe5
{[%clk 0:15:20]} 19. fxe5 {[%clk 0:14:38]} e6 {[%clk 0:15:05]} 20. Na4
{[%clk 0:13:57]} Qc7 {[%clk 0:14:14]} 21. Re1 {[%clk 0:13:51]} a6
{[%clk 0:14:16]} 22. Rhf1 {[%clk 0:11:45]} Qd8 {[%clk 0:13:07]} 23. Nc3
{[%clk 0:11:13]} Nc7 {[%clk 0:12:55]} 24. Ne4 {[%clk 0:10:12]} b5
{[%clk 0:11:30]} 25. Nd6 {[%clk 0:09:35]} Ra8 {[%clk 0:10:56]} 26. Ne4
{[%clk 0:08:44]} a5 {[%clk 0:10:42]} 27. Nf6+ {[%clk 0:08:39]} Kh8
{[%clk 0:10:34]} 28. Nc6 {[%clk 0:08:03]} Qc8 {[%clk 0:10:10]} 29. Nxg4
{[%clk 0:07:43]} a4 {[%clk 0:09:19]} 30. Bc4 {[%clk 0:06:16]} bxc4
{[%clk 0:09:02]} 31. Nf6 {[%clk 0:05:49]} Qb7 {[%clk 0:08:30]} 32. Nd4
{[%clk 0:04:56]} Nd5 {[%clk 0:08:24]} 33. Nxd5 {[%clk 0:04:55]} Qxd5
{[%clk 0:08:29]} 34. Nf3 {[%clk 0:04:22]} Rfc8 {[%clk 0:08:00]} 35. Rd1
{[%clk 0:04:26]} Qc6 {[%clk 0:07:32]} 36. Nd4 {[%clk 0:04:06]} Qc5
{[%clk 0:07:28]} 37. Qc3 {[%clk 0:03:01]} a3 {[%clk 0:07:00]} 38. b3
{[%clk 0:02:10]} cxb3 {[%clk 0:07:00]} 39. Qxc5 {[%clk 0:02:02]} Rxc5
{[%clk 0:07:06]} 40. Nxb3 {[%clk 0:02:05]} Rc7 {[%clk 0:07:11]} 41. Rfe1
{[%clk 0:02:04]} Rac8 {[%clk 0:07:15]} 42. Rd2 {[%clk 0:02:12]} Rc3
{[%clk 0:07:03]} 43. Kb1 {[%clk 0:01:46]} R3c4 {[%clk 0:07:02]} 44. Rh2
{[%clk 0:01:24]} Kh7 {[%clk 0:06:39]} 45. Rf2 {[%clk 0:00:56]} Kg8
{[%clk 0:06:42]} 46. Rh2 {[%clk 0:00:55]} Rb8 {[%clk 0:06:24]} 47. Rf2
{[%clk 0:00:26]} Rxh4 {[%clk 0:06:04]} 48. Ref1 {[%clk 0:00:26]} Rb7
{[%clk 0:06:11]} 49. Kc1 {[%clk 0:00:11]} Bxe5 {[%clk 0:06:10]} 50. Re2
{[%clk 0:00:16]} Bf4+ {[%clk 0:06:14]} 51. Kb1 {[%clk 0:00:22]} Bxg5
{[%clk 0:06:20]} 52. Rg2 {[%clk 0:00:27]} Bh6 {[%clk 0:06:26]} 53. Rgf2
{[%clk 0:00:33]} Bg7 {[%clk 0:06:29]} 54. Rf3 {[%clk 0:00:34]} Rh2
{[%clk 0:06:07]} 55. Rd3 {[%clk 0:00:36]} Rc7 {[%clk 0:05:58]} 0-1

[Event "d10"]
[Site "?"]
[Date "2020.08.28"]
[Round "10.4"]
[White "Drozdz, Amelia"]
[Black "Jeziorska, Anna"]
[Result "1-0"]
[BlackElo "1264"]
[WhiteElo "1143"]
[LiveChessVersion "1.4.8"]

1. c4 {[%clk 0:15:18]} c5 {[%clk 0:15:19]} 2. Nc3 {[%clk 0:15:23]} Nc6
{[%clk 0:15:23]} 3. g3 {[%clk 0:15:27]} d6 {[%clk 0:15:28]} 4. Bg2
{[%clk 0:15:31]} Bd7 {[%clk 0:15:32]} 5. Nf3 {[%clk 0:15:31]} e6 {[%clk 0:15:35]}
6. O-O {[%clk 0:15:31]} Be7 {[%clk 0:15:41]} 7. a3 {[%clk 0:15:25]} Nf6
{[%clk 0:15:42]} 8. d3 {[%clk 0:15:26]} O-O {[%clk 0:15:45]} 9. Bg5
{[%clk 0:15:08]} a6 {[%clk 0:15:43]} 10. Rb1 {[%clk 0:14:56]} Qc7
{[%clk 0:15:36]} 11. b4 {[%clk 0:14:18]} b6 {[%clk 0:15:32]} 12. b5
{[%clk 0:13:44]} Na5 {[%clk 0:15:27]} 13. bxa6 {[%clk 0:13:30]} Rxa6
{[%clk 0:15:32]} 14. Ne4 {[%clk 0:13:07]} Qd8 {[%clk 0:15:09]} 15. Nxf6+
{[%clk 0:12:54]} Bxf6 {[%clk 0:15:13]} 16. Bxf6 {[%clk 0:12:57]} Qxf6
{[%clk 0:15:21]} 17. Qd2 {[%clk 0:12:22]} Nc6 {[%clk 0:14:57]} 18. Qb2
{[%clk 0:11:53]} Qxb2 {[%clk 0:14:46]} 19. Rxb2 {[%clk 0:12:00]} Rb8
{[%clk 0:14:49]} 20. Rfb1 {[%clk 0:11:38]} Na7 {[%clk 0:14:37]} 21. Nd2
{[%clk 0:11:16]} Nc8 {[%clk 0:14:34]} 22. Ra2 {[%clk 0:11:05]} e5
{[%clk 0:14:23]} 23. Rba1 {[%clk 0:10:42]} b5 {[%clk 0:14:15]} 24. cxb5
{[%clk 0:10:10]} Bxb5 {[%clk 0:14:19]} 25. a4 {[%clk 0:09:47]} Bd7
{[%clk 0:14:22]} 26. Nc4 {[%clk 0:09:00]} Be6 {[%clk 0:14:08]} 27. a5
{[%clk 0:08:37]} f5 {[%clk 0:13:57]} 28. f3 {[%clk 0:08:16]} Ne7 {[%clk 0:13:19]}
29. f4 {[%clk 0:08:10]} e4 {[%clk 0:13:15]} 30. Ra3 {[%clk 0:07:37]} Bxc4
{[%clk 0:12:54]} 31. dxc4 {[%clk 0:07:42]} Nc6 {[%clk 0:13:02]} 32. Bh3
{[%clk 0:07:02]} g6 {[%clk 0:13:00]} 33. g4 {[%clk 0:07:09]} Ne7 {[%clk 0:12:52]}
34. gxf5 {[%clk 0:06:56]} gxf5 {[%clk 0:12:57]} 35. Kf2 {[%clk 0:06:42]} Rb4
{[%clk 0:12:54]} 36. Rc3 {[%clk 0:06:35]} d5 {[%clk 0:12:38]} 37. cxd5
{[%clk 0:05:57]} Nxd5 {[%clk 0:12:40]} 38. Rxc5 {[%clk 0:06:04]} Ne7
{[%clk 0:12:45]} 39. Bxf5 {[%clk 0:06:00]} Rd4 {[%clk 0:12:21]} 40. Re5
{[%clk 0:05:26]} Nxf5 {[%clk 0:12:13]} 41. Rxf5 {[%clk 0:05:32]} Rd8
{[%clk 0:12:13]} 42. Re5 {[%clk 0:05:31]} Rd4 {[%clk 0:12:19]} 43. Kg3
{[%clk 0:05:10]} Rg6+ {[%clk 0:12:21]} 44. Rg5 {[%clk 0:05:08]} Rxg5+
{[%clk 0:12:28]} 45. fxg5 {[%clk 0:05:16]} Rd5 {[%clk 0:12:35]} 46. Kf4
{[%clk 0:05:13]} Rd4 {[%clk 0:11:56]} 47. a6 {[%clk 0:05:13]} Rb4
{[%clk 0:11:57]} 48. a7 {[%clk 0:05:10]} e3+ {[%clk 0:12:05]} 49. Kxe3
{[%clk 0:05:17]} Rg4 {[%clk 0:12:13]} 50. a8=Q+ {[%clk 0:05:22]} Kg7
{[%clk 0:12:21]} 51. Ra7+ {[%clk 0:05:21]} Kg6 {[%clk 0:12:27]} 52. Qc6+
{[%clk 0:05:21]} Kxg5 {[%clk 0:12:34]} 53. Rg7+ {[%clk 0:05:25]} Kh4
{[%clk 0:12:40]} 54. Rxg4+ {[%clk 0:05:30]} Kxg4 {[%clk 0:12:48]} 55. Qf3+
{[%clk 0:05:35]} Kg5 {[%clk 0:12:54]} 56. Qf4+ {[%clk 0:05:40]} Kg6
{[%clk 0:13:01]} 57. Qe5 {[%clk 0:05:46]} h5 {[%clk 0:13:08]} 58. Kf4
{[%clk 0:05:48]} h4 {[%clk 0:13:14]} 59. Qg5+ {[%clk 0:05:55]} Kh7
{[%clk 0:13:23]} 60. Qf6 {[%clk 0:05:53]} h3 {[%clk 0:13:26]} 61. Qa6
{[%clk 0:06:00]} Kg7 {[%clk 0:13:32]} 62. Kf5 {[%clk 0:06:07]} Kh8
{[%clk 0:13:39]} 63. Qa7 {[%clk 0:06:15]} Kg8 {[%clk 0:13:47]} 64. Kf6
{[%clk 0:06:19]} Kf8 {[%clk 0:13:54]} 65. Qf7# {[%clk 0:06:27]} 1-0

[Event "d10"]
[Site "?"]
[Date "2020.08.28"]
[Round "10.5"]
[White "Polakiewicz, Blanka"]
[Black "Kretowicz, Daria"]
[Result "1/2-1/2"]
[BlackElo "1069"]
[WhiteElo "1178"]
[LiveChessVersion "1.4.8"]

1. e4 {[%clk 0:15:18]} c5 {[%clk 0:15:17]} 2. Nf3 {[%clk 0:15:26]} e6
{[%clk 0:15:24]} 3. d4 {[%clk 0:15:35]} cxd4 {[%clk 0:15:29]} 4. Nxd4
{[%clk 0:15:41]} a6 {[%clk 0:15:26]} 5. Bd3 {[%clk 0:15:47]} Qc7 {[%clk 0:15:20]}
6. O-O {[%clk 0:15:44]} Nf6 {[%clk 0:14:52]} 7. Qe2 {[%clk 0:15:43]} Bc5
{[%clk 0:14:11]} 8. Be3 {[%clk 0:15:27]} O-O {[%clk 0:13:35]} 9. f4
{[%clk 0:14:52]} d6 {[%clk 0:13:26]} 10. Nf3 {[%clk 0:14:15]} Bxe3+
{[%clk 0:13:00]} 11. Qxe3 {[%clk 0:14:14]} Nbd7 {[%clk 0:12:31]} 12. Nc3
{[%clk 0:14:14]} b5 {[%clk 0:11:30]} 13. a3 {[%clk 0:14:20]} Bb7 {[%clk 0:11:26]}
14. Rfe1 {[%clk 0:14:06]} Rac8 {[%clk 0:10:44]} 15. Kh1 {[%clk 0:13:10]} e5
{[%clk 0:09:21]} 16. fxe5 {[%clk 0:12:58]} dxe5 17. Qg5 {[%clk 0:11:52]} h6
{[%clk 0:07:14]} 18. Qg3 {[%clk 0:11:48]} Nh5 {[%clk 0:06:45]} 19. Qf2
{[%clk 0:11:31]} Nf4 {[%clk 0:06:34]} 20. Nh4 {[%clk 0:10:59]} Qd6
{[%clk 0:05:47]} 21. Nf5 {[%clk 0:10:37]} Qf6 {[%clk 0:04:58]} 22. Rad1
{[%clk 0:08:59]} Rfd8 {[%clk 0:04:28]} 23. Be2 {[%clk 0:07:59]} Nb6
{[%clk 0:03:49]} 24. Ne7+ {[%clk 0:04:03]} Qxe7 {[%clk 0:03:30]} 25. Qxb6
{[%clk 0:04:08]} Rxd1 {[%clk 0:02:52]} 26. Rxd1 {[%clk 0:03:49]} Nxe2
{[%clk 0:02:45]} 27. Nxe2 {[%clk 0:03:50]} Rxc2 {[%clk 0:02:50]} 28. Ng3
{[%clk 0:03:43]} Rxb2 {[%clk 0:02:16]} 29. Nf5 {[%clk 0:02:26]} Qg5
{[%clk 0:01:42]} 30. Ng3 {[%clk 0:02:10]} Bxe4 {[%clk 0:01:34]} 31. Rg1
{[%clk 0:01:52]} Bd5 {[%clk 0:00:53]} 32. Qxa6 {[%clk 0:01:16]} Qd2
{[%clk 0:01:01]} 33. Qc8+ {[%clk 0:01:05]} Kh7 {[%clk 0:01:09]} 34. Qh3
{[%clk 0:00:55]} Kh8 {[%clk 0:01:10]} 35. Qc8+ {[%clk 0:00:53]} Kh7
{[%clk 0:01:14]} 36. Qh3 {[%clk 0:00:58]} Kg8 {[%clk 0:00:57]} 37. Nh5
{[%clk 0:00:22]} Qe2 {[%clk 0:00:41]} 38. Ng3 {[%clk 0:00:27]} Qd2
{[%clk 0:00:45]} 39. Qc8+ {[%clk 0:00:32]} Kh7 {[%clk 0:00:46]} 40. Qh3
{[%clk 0:00:28]} Kg8 {[%clk 0:00:49]} 41. Qc8+ {[%clk 0:00:22]} Kh7
{[%clk 0:00:57]} 42. Qh3 Kg8 {[%clk 0:00:57]} 43. Qc8+ {[%clk 0:00:33]} Kh7
1/2-1/2

[Event "d10"]
[Site "?"]
[Date "2020.08.28"]
[Round "10.6"]
[White "Klintsevich, Aliaksandra"]
[Black "Walewska, Natalia"]
[Result "0-1"]
[BlackElo "1010"]
[WhiteElo "1153"]
[LiveChessVersion "1.4.8"]

1. d4 d5 2. c4 c6 3. Nf3 Bg4 4. Nc3 Nf6 5. Bg5 Nbd7 6. e3 e6 7. cxd5 cxd5 8. Bb5
a6 9. Bxd7+ Qxd7 10. Bxf6 gxf6 11. h3 Bh5 12. g4 Bg6 13. h4 h6 14. Qb3 Bd6 15. h5
Bh7 16. Nd2 Ke7 17. e4 dxe4 18. Ncxe4 Bxe4 19. Nxe4 Rab8 20. Qf3 Bb4+ 21. Nc3
Qxd4 22. Rd1 Bxc3+ 23. bxc3 Qe5+ 24. Kf1 Qb5+ 25. Kg1 Rhd8 26. Kh2 Rd5 0-1

[Event "d10"]
[Site "?"]
[Date "2020.08.28"]
[Round "11.1"]
[White "Smietanska, Wiktoria"]
[Black "Tokarz, Gabriela"]
[Result "1-0"]
[BlackElo "1141"]
[WhiteElo "1584"]
[LiveChessVersion "1.4.8"]

1. c4 {[%clk 0:15:19]} c5 {[%clk 0:15:19]} 2. Nf3 {[%clk 0:15:28]} d6
{[%clk 0:15:28]} 3. Nc3 {[%clk 0:15:30]} Nf6 {[%clk 0:15:35]} 4. d4
{[%clk 0:15:27]} cxd4 {[%clk 0:15:42]} 5. Nxd4 {[%clk 0:15:32]} g6
{[%clk 0:15:51]} 6. g3 {[%clk 0:15:21]} Nc6 {[%clk 0:15:58]} 7. Bg2
{[%clk 0:14:52]} Bd7 {[%clk 0:16:04]} 8. O-O {[%clk 0:14:19]} Qc8
{[%clk 0:16:12]} 9. Nc2 {[%clk 0:13:39]} Bh3 {[%clk 0:16:19]} 10. Ne3
{[%clk 0:13:01]} h5 {[%clk 0:16:19]} 11. Ncd5 {[%clk 0:11:54]} Bxg2
{[%clk 0:16:02]} 12. Nxf6+ {[%clk 0:11:54]} exf6 {[%clk 0:16:09]} 13. Nxg2
{[%clk 0:11:54]} g5 {[%clk 0:16:10]} 14. f3 {[%clk 0:09:25]} h4 {[%clk 0:16:04]}
15. g4 {[%clk 0:09:13]} f5 {[%clk 0:16:11]} 16. h3 {[%clk 0:08:50]} fxg4
{[%clk 0:16:17]} 17. fxg4 {[%clk 0:08:50]} Be7 {[%clk 0:16:15]} 18. b3
{[%clk 0:07:56]} Rf8 {[%clk 0:15:51]} 19. Ne3 {[%clk 0:06:49]} Ne5
{[%clk 0:15:31]} 20. Nf5 {[%clk 0:06:34]} f6 {[%clk 0:15:01]} 21. Ba3
{[%clk 0:05:48]} Qc7 {[%clk 0:14:52]} 22. Nxd6+ {[%clk 0:05:06]} Bxd6
{[%clk 0:14:47]} 23. Bxd6 {[%clk 0:04:37]} Qg7 {[%clk 0:14:49]} 24. Bxf8
{[%clk 0:04:37]} Qxf8 {[%clk 0:14:57]} 25. Qd5 {[%clk 0:04:19]} Qe7
{[%clk 0:14:40]} 26. Qg8+ {[%clk 0:04:15]} Kd7 {[%clk 0:12:40]} 27. Rad1+
{[%clk 0:03:50]} Kc6 {[%clk 0:12:33]} 28. Qxa8 {[%clk 0:02:56]} Qc5+
{[%clk 0:12:36]} 29. Rf2 {[%clk 0:02:33]} Qe3 {[%clk 0:12:41]} 30. Qe8+
{[%clk 0:02:05]} Kb6 {[%clk 0:12:44]} 31. Qd8+ {[%clk 0:01:33]} Ka6
{[%clk 0:12:51]} 32. Qd5 {[%clk 0:00:25]} Qg3+ {[%clk 0:12:43]} 33. Rg2
{[%clk 0:00:17]} Qe3+ {[%clk 0:12:48]} 34. Kf1 {[%clk 0:00:16]} Qf4+
{[%clk 0:12:50]} 35. Rf2 {[%clk 0:00:18]} Nxc4 {[%clk 0:12:27]} 36. Qxc4+
{[%clk 0:00:20]} Qxc4 {[%clk 0:12:35]} 37. bxc4 {[%clk 0:00:28]} Ka5
{[%clk 0:12:44]} 38. Rb1 {[%clk 0:00:34]} b6 {[%clk 0:12:53]} 39. Rxf6
{[%clk 0:00:39]} Ka4 {[%clk 0:13:01]} 40. c5 {[%clk 0:00:45]} Ka5
{[%clk 0:13:05]} 41. cxb6 {[%clk 0:00:53]} axb6 {[%clk 0:13:12]} 42. Rfxb6
{[%clk 0:01:01]} Ka4 43. Ra6# 1-0